000 00484nam a2200181Ia 4500
001 15754
005 20260306170219.0
008 260306t2012||||xx |||||||||||||| ||und||
041 _aESP
082 _a607
_bA57
100 _aUniversidad Anáhuac
_eAUT
245 0 _aFrontera del conocimiento e innovación:
_bOctavo Simposio Anáhuac en Investigación, 2012
260 _c2012
300 _a15 páginas :
_c32cm.
650 _aGEN
654 _aCHU
942 _cLIB
_dJUS
_fJUS
_2ddc
_n
999 _c15754
_d15754